000 01313nam0a22003371 4500
001 RU\NLR\INFOCOMM_116\5000052314
005 20250613085949.0
035 _a(NLR Aleph) 009048160
090 _a9567170
_c9567170
100 _a20080829d1973 |||y0rusy50 ca
101 0 _aspa
102 _aRU
105 _ay z 000zy
200 1 _aLa propaganda anticomunista al servicio del neocolonialismo
_fStanislav Alexándrov
210 _aМ.
_cEd. de la Agencia de prensa "Nóvosti"
_d1973
215 _a33 с.
_d16 см
300 _aНа обл. авт. не указан
300 _aВ вып. дан.: С. Александров. Антикоммунистическая пропаганда на службе неоколониализма
517 1 _aАнтикоммунистическая пропаганда на службе неоколониализма
606 _aАнтикоммунизм
_2nlr_sh1
606 _aНеоколониализм
_2nlr_sh1
686 _aТ3(0)63-496
_2rubbk
686 _aТ3(0)63-69
_2rubbk
700 1 _9z01790
_aAleksandrov
_bS. V.
_gStanislav Vasil'evič
_4070
790 1 _9z01700
_aAlexándrov
_bS.
_gStanislav
_4070
801 1 _aRU
_bNLR
_c20080829
801 0 _aRU
_bNLR
_gPSBO
852 _aNLR
_jИ25 Д-2/95
942 _cBOOK
980 _aNB